header

Option strategies (Record no. 35660)

MARC details
000 -LEADER
fixed length control field 01313nam a2200361Ia 4500
082 04 - DEWEY DECIMAL CLASSIFICATION NUMBER
Classification number 332.64/53
100 1# - MAIN ENTRY--AUTHOR NAME
Personal name Smith, Courtney.
245 10 - TITLE STATEMENT
Title Option strategies
250 ## - EDITION STATEMENT
Edition statement 3rd ed.
260 ## - PUBLICATION, DISTRIBUTION, ETC. (IMPRINT)
Place of publication Hoboken, N.J. :
Name of publisher John Wiley,
Year of publication c2008.
300 ## - PHYSICAL DESCRIPTION
Number of Pages ix, 309 p. :
Other physical details ill.
490 1# - SERIES STATEMENT
Series statement Wiley trading
500 ## - GENERAL NOTE
General note Includes index.
650 #0 - SUBJECT ADDED ENTRY--TOPICAL TERM
Topical Term Financial futures.
Topical Term Options (Finance)
Topical Term Commodity options.
856 40 - ELECTRONIC LOCATION AND ACCESS
Uniform Resource Identifier http://site.ebrary.com/lib/rucke/Doc?id=10250337

No items available.

© 2026 Rongo University
Contact us: librarian | system librarian | Rongo university